000 00548 a2200181 4500
999 _c4666
_d4666
010 _aENG-86495
020 _a8183332161
_c540.00
035 _aEN-70028
037 _bDBAD / PUB
082 1 4 _a657.0285
100 1 _aNadhani, Asok K
245 1 _aImplementing Tally 9 /
_cby Asok K Nadhani [and] Kisor K Nadhani
260 _aNew Delhi
_bBPB Publications
_c2007
270 _aB-14, Connaught Place
_bNew Delhi
_e110 001
300 _alv, 1063p.
_c24cm (pbk)
700 _aNadhani, Kisor K
942 _adpl
_cEN
_2ddc
_h657.0285
_mNAD